MARC

LEADER 00000nam0a2200000 4500
001 362100
005 20231102011445.0
035 |a (RuTPU)RU\TPU\retro\19446 
090 |a 362100 
100 |a 20210715d1981 m y0rusy50 ca 
101 0 |a rus 
102 |a RU 
105 |a y z 000zy 
200 1 |a Сибирь, Сибирь...  |e сборник очерков  |f под ред. П. А. Карелина 
210 |a Москва  |c Советская Россия  |d 1981 
215 |a 304 с. 
225 1 |a Писатель и время 
606 1 |a Сибирь  |x Экономика  |2 stltpush  |3 (RuTPU)RU\TPU\subj\36913  |9 58115 
610 1 |a очерки 
610 1 |a экономическое развитие 
610 1 |a промышленность 
610 1 |a сибирская нефть 
610 1 |a освоение 
610 1 |a территориально-производственные комплексы 
610 1 |a строительство 
610 1 |a Байкало-Амурская магистраль 
610 1 |a 20 век 
686 |a У9(2Р5)  |v LBC/SL-A  |2 rubbk 
702 1 |a Карелин  |b П. А.  |4 340 
801 1 |a RU  |b 63413507  |c 20210715 
942 |c BK